| 000 | 00581nam a22001817a 4500 | ||
|---|---|---|---|
| 005 | 20251108165330.0 | ||
| 008 | 250721s1981 xx 000 0 ara d | ||
| 082 | 1 | 4 | _a928.4/أكز |
| 100 | 1 | _aكلودايبير، جان | |
| 245 | 1 | 0 | _aسانت أكزوبري / |
| 264 | 1 |
_aبيروت : _bالمؤسسة العربية للدراسات و النشر، _c1981. |
|
| 300 | _a131ص | ||
| 490 | 0 | _aسلسلة أعلام الفكر العالمي | |
| 650 | 1 | 7 | _aالأدب الفرنسي |
| 700 | 1 |
_aشربل، موريس أ. _eترجمة |
|
| 942 |
_2ddc _cBK |
||
| 999 |
_c25324 _d25324 |
||